[Event "Fagernes TV 2 Elo op"]
[Site "Fagernes"]
[Date "2016.01.03"]
[Round "9"]
[White "Kizatbay, Alseit"]
[Black "Bjornsen, Stein Tholo"]
[Result "1/2-1/2"]
[WhiteElo "1905"]
[BlackElo "2019"]
[PlyCount "51"]
[EventDate "2015.12.27"]
[EventType "swiss"]
[EventRounds "9"]
[EventCountry "NOR"]
[SourceTitle "CBM 170 Extra"]
[Source "ChessBase"]
[SourceDate "2016.02.25"]
[SourceVersion "1"]
[SourceVersionDate "2016.02.25"]
[SourceQuality "1"]

1. d4 Nf6 2. Nf3 d6 3. g3 g6 4. Bg2 Bg7 5. 0-0 Bf5 6. c4 0-0 7. Nc3 Nc6 8. Re1 Ne4 9. e3 Nxc3 10. bxc3 Be4 11. Ba3 a6 12. Qe2 b5 13. Nd2 Bxg2 14. Kxg2 Qd7 15. e4 b4 16. Bxb4 Nxb4 17. cxb4 Bxd4 18. Rab1 f5 19. Nf3 Bc3 20. Red1 Rab8 21. c5 Qb5 22. Qc2 fxe4 23. Qxe4 Bf6 24. Nd4 Bxd4 25. Qxd4 Rf5 26. cxd6 1/2-1/2

[Event "Fagernes TV 2 Elo op"]
[Site "Fagernes"]
[Date "2015.12.31"]
[Round "6"]
[White "Al Tarbosh, Ward"]
[Black "Bjornsen, Stein Tholo"]
[Result "0-1"]
[WhiteElo "2204"]
[BlackElo "2019"]
[PlyCount "47"]
[EventDate "2015.12.27"]
[EventType "swiss"]
[EventRounds "9"]
[EventCountry "NOR"]
[SourceTitle "CBM 170 Extra"]
[Source "ChessBase"]
[SourceDate "2016.02.25"]
[SourceVersion "1"]
[SourceVersionDate "2016.02.25"]
[SourceQuality "1"]

1. e4 c5 2. Nf3 Nc6 3. Bb5 Nf6 4. Bxc6 dxc6 5. Nc3 Bg4 6. d3 e6 7. Bf4 Nd7 8. Qd2 Bxf3 9. gxf3 g6 10. Bg5 Qa5 11. Bh6 Ne5 12. Ke2 c4 13. d4 Nxf3 14. Qe3 Bxh6 15. Qxf3 Qb6 16. Rhd1 Qxb2 17. Rab1 Qxc2+ 18. Kf1 Rb8 19. e5 Qf5 20. Qg2 0-0 21. Ne4 Rfd8 22. Nd6 Rxd6 23. exd6 c3 24. Rb3 0-1

[Event "NOR-ch Class2"]
[Site "Oslo"]
[Date "2015.07.10"]
[Round "8"]
[White "Soreng, Eirik"]
[Black "Bjornsen, Stein Tholo"]
[Result "0-1"]
[WhiteElo "1632"]
[BlackElo "1582"]
[PlyCount "46"]
[EventDate "2015.07.04"]
[EventType "swiss"]
[EventRounds "9"]
[EventCountry "NOR"]
[SourceTitle "EXT 2017"]
[Source "ChessBase"]
[SourceDate "2016.10.25"]
[SourceVersion "1"]
[SourceVersionDate "2016.10.25"]
[SourceQuality "1"]

1. d4 Nf6 2. Nf3 d5 3. Bf4 c5 4. c3 cxd4 5. cxd4 Bf5 6. Qb3 Qc8 7. Nc3 e6 8. Nb5 Nc6 9. a3 Nh5 10. Bd6 f6 11. Bxf8 Kxf8 12. Nd6 Qd7 13. Qxb7 Qxb7 14. Nxb7 Rb8 15. Rc1 Rxb7 16. Rxc6 Ke7 17. Nh4 Rxb2 18. Nxf5+ exf5 19. e3 Rhb8 20. Rc7+ Kd6 21. Rxa7 Ra2 22. Be2 Rb1+ 23. Bd1 Rxd1+ 0-1

[Event "NOR-ch Class2"]
[Site "Oslo"]
[Date "2015.07.04"]
[Round "3"]
[White "Bjornsen, Stein Tholo"]
[Black "Fosdahl, Bjorn W"]
[Result "1/2-1/2"]
[WhiteElo "1582"]
[BlackElo "1642"]
[PlyCount "108"]
[EventDate "2015.07.04"]
[EventType "swiss"]
[EventRounds "9"]
[EventCountry "NOR"]
[SourceTitle "EXT 2017"]
[Source "ChessBase"]
[SourceDate "2016.10.25"]
[SourceVersion "1"]
[SourceVersionDate "2016.10.25"]
[SourceQuality "1"]

1. d4 e6 2. g3 Nf6 3. Bg2 d5 4. Nf3 Be7 5. c4 0-0 6. 0-0 Nbd7 7. Qc2 c6 8. Nbd2 b6 9. b3 Bb7 10. e4 Rc8 11. e5 Ne8 12. Re1 c5 13. Bb2 Qc7 14. Rac1 g6 15. cxd5 Bxd5 16. Ne4 Qb8 17. Qd2 Ng7 18. dxc5 Bxe4 19. Qxd7 Bxf3 20. Bxf3 Bxc5 21. Qb5 Rfd8 22. Qe2 Nf5 23. Bg2 Rd7 24. Red1 Rcd8 25. Rxd7 Rxd7 26. b4 Bd4 27. Bxd4 Rxd4 28. a3 Qd8 29. Qc2 Kg7 30. Qc7 Qd7 31. Bf1 h5 32. Rc3 Qd5 33. Qxa7 Qxe5 34. Rc7 Nd6 35. Qxb6 h4 36. Qc5 Rd5 37. Qc3 hxg3 38. Qxe5+ Rxe5 39. hxg3 Nb5 40. Rc5 Rxc5 41. bxc5 Nc7 42. f4 Kf6 43. a4 e5 44. Kf2 exf4 45. gxf4 Ne6 46. c6 Ke7 47. Ke3 Kd6 48. Bc4 Nd8 49. Bd5 f6 50. Be4 g5 51. c7 Kxc7 52. fxg5 fxg5 53. Kf3 Kb6 54. Kg4 Ka5 1/2-1/2

[Event "NOR-ch Class2"]
[Site "Oslo"]
[Date "2015.07.04"]
[Round "5"]
[White "Bjornsen, Stein Tholo"]
[Black "Lange, Holger"]
[Result "1-0"]
[WhiteElo "1582"]
[BlackElo "1596"]
[PlyCount "77"]
[EventDate "2015.07.04"]
[EventType "swiss"]
[EventRounds "9"]
[EventCountry "NOR"]
[SourceTitle "EXT 2017"]
[Source "ChessBase"]
[SourceDate "2016.10.25"]
[SourceVersion "1"]
[SourceVersionDate "2016.10.25"]
[SourceQuality "1"]

1. e4 Nf6 2. e5 Nd5 3. d4 d6 4. Nf3 Bg4 5. Be2 e6 6. 0-0 Be7 7. h3 Bh5 8. c4 Nb6 9. exd6 cxd6 10. Nc3 0-0 11. Be3 Nc6 12. d5 Bxf3 13. Bxf3 Ne5 14. dxe6 Nxf3+ 15. Qxf3 fxe6 16. Qe4 Qd7 17. Bxb6 axb6 18. Rae1 Rf6 19. Re2 Qc6 20. a3 Rc8 21. Rfe1 Qxe4 22. Rxe4 Kf7 23. Nd5 exd5 24. Rxe7+ Kg6 25. cxd5 Rc2 26. Rxb7 Rxb2 27. Ree7 Rfxf2 28. Rxg7+ Kh6 29. Rxh7+ Kg6 30. Rbg7+ Kf6 31. Rf7+ Kg6 32. Rxf2 Rxf2 33. Kxf2 Kxh7 34. a4 Kg6 35. g4 Kf6 36. h4 Ke5 37. h5 Kf6 38. h6 Kg6 39. g5 1-0

[Event "NOR-ch Class2"]
[Site "Oslo"]
[Date "2015.07.04"]
[Round "6"]
[White "Lurdalen, Svein Erik"]
[Black "Bjornsen, Stein Tholo"]
[Result "0-1"]
[WhiteElo "1704"]
[BlackElo "1582"]
[PlyCount "76"]
[EventDate "2015.07.04"]
[EventType "swiss"]
[EventRounds "9"]
[EventCountry "NOR"]
[SourceTitle "EXT 2017"]
[Source "ChessBase"]
[SourceDate "2016.10.25"]
[SourceVersion "1"]
[SourceVersionDate "2016.10.25"]
[SourceQuality "1"]

1. e4 d5 2. exd5 Nf6 3. d4 Qxd5 4. Nc3 Qa5 5. Bc4 c6 6. Bd2 Qb6 7. Bc1 e6 8. Nf3 Be7 9. Qe2 0-0 10. 0-0 a5 11. Ng5 Qxd4 12. Be3 Qg4 13. f3 Qh5 14. Nh3 Nd5 15. Bxd5 exd5 16. Nf4 Qf5 17. g4 Qe5 18. Nd3 Qf6 19. Qf2 h5 20. Rae1 hxg4 21. Bd4 Qh4 22. Qg2 Bd6 23. Re3 Na6 24. fxg4 Qxg4 25. Qxg4 Bxg4 26. Be5 Rfe8 27. Rg3 Bxe5 28. Nxe5 Rxe5 29. Rxg4 Nb4 30. Rf2 Re1+ 31. Kg2 Rc1 32. a3 Nxc2 33. Kh3 Ne3 34. Rgf4 f5 35. R2f3 Re8 36. Rf2 g5 37. Rxf5 Nxf5 38. Rxf5 Rg1 0-1